| 000 | 00523nam a2200181 i 4500 | ||
|---|---|---|---|
| 001 | 82660 | ||
| 003 | ES-MaACL | ||
| 005 | 20240513211129.0 | ||
| 007 | t| | ||
| 008 | 041111s1958 sp ||||1| spa d | ||
| 100 | 1 |
_aIniesta, Antonio. _965311 |
|
| 245 | 1 | 0 |
_aD. Patricio de la Escosura / _cAntonio Iniesta. |
| 260 |
_aMadrid : _b[s.n.], _c1958 ( _fJura) |
||
| 300 |
_a110 p. ; _c20 cm. |
||
| 600 | 1 | 7 |
_aEscosura, Patricio de la, _d1807-1878 _2embne _947617 |
| 852 |
_aES-MaACL _jC-27086 _bR.55903 |
||
| 999 |
_c82660 _d82660 |
||